La in-efectividad de la ley y la exclusión en América Latina.
Salvato in:
| Autore principale: | |
|---|---|
| Altri autori: | , |
| Natura: | Libro |
| Lingua: | spagnolo |
| Pubblicazione: |
Buenos Aires, Argentina
Paidós
2002
|
| Serie: | Latinoamericana.
9 |
| Soggetti: | |
| Tags: |
Aggiungi Tag
Nessun Tag, puoi essere il primo ad aggiungerne!!
|
MARC
| LEADER | 00000nam a2200000 a 4500 | ||
|---|---|---|---|
| 001 | UCL2519 | ||
| 003 | CL-VaPUC | ||
| 005 | 20230926141037.0 | ||
| 008 | 031024e20020000AG |||||||||||||||||spa|d | ||
| 999 | |c 305819 |d 305817 | ||
| 020 | |a 9501289095 | ||
| 040 | |c Pontificia Universidad Católica de Valparaíso | ||
| 082 | 0 | 4 | |a 320.01 MEN 2002 |2 21 |
| 100 | 1 | |a Méndez, Juan E. |e compilador |9 876834 | |
| 245 | 1 | 3 | |a La in-efectividad de la ley y la exclusión en América Latina. |
| 260 | 0 | 3 | |a Buenos Aires, Argentina |b Paidós |c 2002 |
| 300 | |a 336 páginas | ||
| 490 | 0 | |a Latinoamericana. |v 9 | |
| 583 | |a last modification |c 20031024 00:00:00 |k Rodrigo Vera | ||
| 650 | 7 | |a FILOSOFIA POLITICA |2 CL-VaPUC |9 479630 | |
| 650 | 0 | |a Abuso de poder |9 324689 | |
| 650 | 0 | |a Desigualdad social |9 349409 | |
| 650 | 0 | |a Problemas sociales |9 258537 | |
| 700 | |a O'Donnell, Guillermo A. |e compilador |9 450711 | ||
| 700 | |a Pinheiro, Paulo Sérgio |e compilador |9 876835 | ||
| 942 | |c BK |2 ddc |n 0 | ||
| 945 | |d 20031024 00:00:00 |a cmena | ||
| 952 | |0 0 |1 0 |2 ddc |4 0 |6 320_010000000000000_MEN_2002 |7 0 |8 A |9 370278 |a BIBEDU |b BIBEDU |d 2019-11-21 |i 3954609 |o 320.01 MEN 2002 |p 3954609 |r 2019-11-21 |t 1 |w 2019-11-21 |y BK |k PSI | ||